Stolice świata - nagła śmierć (3 życia) - Statystyki

Ogólne statystyki
  • Ten quiz został rozwiązany 77 razy
  • Średni wynik to 22 z 28
Answers on the Grid
Answers color-coded by a green-red scale on the quiz's grid according to % correct below.
Al-Falludża
Ankara
Ateny
Auckland
Bagdad
Baku
Bangkok
Belmopan
Bogota
Dubaj
Dublin
Dżos
Freetown
Hamburg
Hawana
Helsinki
Johannesburg
Kapsztad
Lagos
Leeds
Lima
Londyn
Manila
Marakesz
Medellin
Memphis
Monrovia
Moskwa
Mumbaj
Nairobi
Nowy Jork
Osaka
Oslo
Porto
Rijad
Rzym
São Paulo
Seul
Split
Surabaja
Suva
Sydney
Tbilisi
Tijuana
Tokio
Toronto
Tunis
Turyn
Warszawa
Wiedeń
 
Statystyki odpowiedzi
Odpowiedź % Poprawnych
Ateny
97%
Dublin
94%
Ankara
93%
Bangkok
93%
Helsinki
91%
Bagdad
88%
Londyn
87%
Moskwa
85%
Seul
85%
Tokio
85%
Wiedeń
85%
Bogota
84%
Lima
84%
Oslo
84%
Rzym
84%
Warszawa
84%
Baku
81%
Hawana
79%
Kapsztad
79%
Rijad
73%
Nairobi
72%
Tbilisi
70%
Tunis
69%
Manila
63%
Freetown
54%
Monrovia
51%
Belmopan
49%
Suva
46%
Nie znaleziono quizów pasujących do podanych kryteriów
Rozkład punktacji
Procent ludzi z każdym wynikiem
Percentyl według liczby udzielonych odpowiedzi
Twoja historia wyników
Nie rozwiązałeś tego quizu